Esquema de ordenamiento y desarrollo del sistema de asentamientos urbanos del municipio de Tipitapa, departamento de Managua período 2018-2033
Presenta un balance entre asentamiento y el entorno natural en que están ubicados, para ello tendrá que emplear criterios de diseño y rediseño de ordenamiento del crecimiento progresivo de los asentamientos humanos y disperso a nivel urbano.
| Main Authors: | , |
|---|---|
| Other Authors: | |
| Format: | Tesis Section = Libro |
| Language: | Undetermined Spanish |
| Published: |
Managua
UNI
2019
|
| Subjects: |
| LEADER | 01145nam a2200265Ia 4500 | ||
|---|---|---|---|
| 008 | 240830s9999 xx 000 0 und d | ||
| 040 | |a BIBLIOTECA-RUSB/ Mon 711.4 B837 | ||
| 041 | |a spa | ||
| 082 | |a Mon 711.4 B837 | ||
| 100 | 1 | |a Brenes Marenco, Alejandra Allison | |
| 100 | 1 | |b Chévez Gómez, Yelitzia Fátima | |
| 245 | 1 | 0 | |a Esquema de ordenamiento y desarrollo del sistema de asentamientos urbanos del municipio de Tipitapa, departamento de Managua período 2018-2033 |
| 260 | |a Managua |b UNI |c 2019 | ||
| 300 | |a 100 p. :il. | ||
| 500 | |a Contiene: anexos y CD. | ||
| 502 | |a Tesis (Arquitecto) - UNI, 2019. | ||
| 520 | 3 | |a Presenta un balance entre asentamiento y el entorno natural en que están ubicados, para ello tendrá que emplear criterios de diseño y rediseño de ordenamiento del crecimiento progresivo de los asentamientos humanos y disperso a nivel urbano. | |
| 650 | 7 | |a ORDENAMIENTO TERRITORIAL | |
| 650 | 7 | |b ASENTAMIENTOS URBANOS | |
| 650 | 7 | |c DESARROLLO URBANO- TIPITAPA | |
| 650 | 7 | |d PROYECTOS- DISEÑOS | |
| 700 | 1 | |a Tutor: |b González Jirón, Jorge Samuel | |
| 942 | |c BK |2 ddc | ||
| 991 | |a TESIS | ||
| 999 | |c 20881 | ||